<?xml version="1.0" encoding="UTF-8"?><record xmlns="http://www.loc.gov/MARC21/slim" xmlns:zs="http://docs.oasis-open.org/ns/search-ws/sruResponse">
  <leader>02027nkd a22003977a 4500</leader>
  <controlfield tag="001">21327065</controlfield>
  <controlfield tag="005">20250607100215.7</controlfield>
  <controlfield tag="007">ki c||</controlfield>
  <controlfield tag="008">191106s2019    xxunnn       u|   kneng  </controlfield>
  <datafield ind1=" " ind2=" " tag="035">
    <subfield code="a">21327065</subfield>
  </datafield>
  <datafield ind1=" " ind2=" " tag="906">
    <subfield code="a">0</subfield>
    <subfield code="b">cbc</subfield>
    <subfield code="c">orignew</subfield>
    <subfield code="d">u</subfield>
    <subfield code="e">ncip</subfield>
    <subfield code="f">20</subfield>
    <subfield code="g">y-printpho</subfield>
  </datafield>
  <datafield ind1=" " ind2=" " tag="955">
    <subfield code="a">pnpi qw26 2019-11</subfield>
  </datafield>
  <datafield ind1=" " ind2=" " tag="010">
    <subfield code="a">  2019688655</subfield>
  </datafield>
  <datafield ind1=" " ind2=" " tag="037">
    <subfield code="a">LC-DIG-highsm-56170</subfield>
    <subfield code="b">DLC</subfield>
    <subfield code="c">(original digital file)</subfield>
  </datafield>
  <datafield ind1=" " ind2=" " tag="040">
    <subfield code="a">DLC</subfield>
    <subfield code="b">eng</subfield>
    <subfield code="c">DLC</subfield>
    <subfield code="e">dcrmg</subfield>
  </datafield>
  <datafield ind1="0" ind2="0" tag="050">
    <subfield code="a">LC-DIG-highsm-</subfield>
    <subfield code="b">56170</subfield>
  </datafield>
  <datafield ind1="1" ind2=" " tag="100">
    <subfield code="a">Highsmith, Carol M.,</subfield>
    <subfield code="d">1946-</subfield>
    <subfield code="e">photographer.</subfield>
  </datafield>
  <datafield ind1="1" ind2="4" tag="245">
    <subfield code="a">The Village Farmer Apple Pie Basket market in Delaware Water Gap, Pennsylvania, a tiny town that takes the name of the surrounding geographical feature of the same name. The figures to the right, into which customers are encouraged to poke their heads for souvenir photographs, represent a hot dog and a slice of pizza "in love"</subfield>
    <subfield code="h">[graphic].</subfield>
  </datafield>
  <datafield ind1=" " ind2=" " tag="260">
    <subfield code="c">2019-03-11.</subfield>
  </datafield>
  <datafield ind1=" " ind2=" " tag="300">
    <subfield code="a">1 photograph :</subfield>
    <subfield code="b">digital, tiff file, color.</subfield>
  </datafield>
  <datafield ind1=" " ind2=" " tag="336">
    <subfield code="a">still image</subfield>
    <subfield code="b">sti</subfield>
    <subfield code="2">rdacontent</subfield>
  </datafield>
  <datafield ind1=" " ind2=" " tag="337">
    <subfield code="a">computer</subfield>
    <subfield code="b">c</subfield>
    <subfield code="2">rdamedia</subfield>
  </datafield>
  <datafield ind1=" " ind2=" " tag="338">
    <subfield code="a">online resource</subfield>
    <subfield code="b">cr</subfield>
    <subfield code="2">rdacarrier</subfield>
  </datafield>
  <datafield ind1=" " ind2=" " tag="500">
    <subfield code="a">Title, date and keywords based on information provided by the photographer.</subfield>
  </datafield>
  <datafield ind1=" " ind2=" " tag="540">
    <subfield code="a">No known restrictions on publication.</subfield>
  </datafield>
  <datafield ind1=" " ind2=" " tag="541">
    <subfield code="c">Gift/purchase; with support of the Pew Charitable Trusts; </subfield>
    <subfield code="d">2019;</subfield>
    <subfield code="e">(DLC/PP-2019:012)</subfield>
  </datafield>
  <datafield ind1=" " ind2=" " tag="580">
    <subfield code="a">Forms part of Carol M. Highsmith's America Project in the Carol M. Highsmith Archive.</subfield>
  </datafield>
  <datafield ind1=" " ind2=" " tag="653">
    <subfield code="a">America</subfield>
    <subfield code="a">Village Farmer Bakery</subfield>
    <subfield code="a">Apple Pie bakeries</subfield>
  </datafield>
  <datafield ind1=" " ind2="7" tag="655">
    <subfield code="a">Digital photographs</subfield>
    <subfield code="x">Color</subfield>
    <subfield code="y">2010-2020.</subfield>
    <subfield code="2">gmgpc</subfield>
  </datafield>
  <datafield ind1=" " ind2=" " tag="662">
    <subfield code="a">United States</subfield>
    <subfield code="b">Pennsylvania</subfield>
    <subfield code="d">Delaware Water Gap.</subfield>
    <subfield code="2">local</subfield>
  </datafield>
  <datafield ind1="0" ind2=" " tag="773">
    <subfield code="a">Highsmith, Carol M., 1946-</subfield>
    <subfield code="t">Carol M. Highsmith Archive.</subfield>
    <subfield code="w">(DLC)  00650024</subfield>
  </datafield>
  <datafield ind1=" " ind2=" " tag="852">
    <subfield code="a">Library of Congress</subfield>
    <subfield code="b">Prints and Photographs Division</subfield>
    <subfield code="e">Washington, D.C. 20540 USA</subfield>
    <subfield code="n">dcu</subfield>
    <subfield code="u">https://hdl.loc.gov/loc.pnp/pp.print</subfield>
  </datafield>
  <datafield ind1="4" ind2="1" tag="856">
    <subfield code="3">original digital file</subfield>
    <subfield code="d">highsm</subfield>
    <subfield code="f">56170</subfield>
    <subfield code="q">p</subfield>
    <subfield code="u">https://hdl.loc.gov/loc.pnp/highsm.56170</subfield>
  </datafield>
  <datafield ind1=" " ind2=" " tag="985">
    <subfield code="a">pp/diof</subfield>
  </datafield>
  <datafield ind1=" " ind2=" " tag="985">
    <subfield code="a">pp/highsm</subfield>
  </datafield>
  <datafield ind1=" " ind2=" " tag="991">
    <subfield code="b">c-P&amp;P</subfield>
    <subfield code="m">(ONLINE)</subfield>
  </datafield>
</record>
